000 00401nam a22001697a 4500
005 20160701100138.0
008 160701b xxu||||| |||| 00| 0 eng d
020 _a978-93-80027-66-1
041 _aeng
082 _b17553
100 _aKumar, Dr. D S
_93275
245 _aThermodynamics
260 _bS.K. Kataria & Sons
_c2011
300 _a474
650 _aDiploma Engineering
_9817
942 _cBK
999 _c4985
_d4983